[Event "West Attica-ch U16 8th"]
[Site "Attica"]
[Date "2012.09.07"]
[Round "7.4"]
[White "Kartalidis, Ioannis"]
[Black "Tzemi, Aggeliki Athina"]
[Result "0-1"]
[WhiteElo "1005"]
[BlackElo "1300"]
[PlyCount "68"]
[EventDate "2012.09.04"]
[EventType "tourn"]
[EventRounds "7"]
[EventCountry "GRE"]
[SourceTitle "EXT 2024"]
[Source "ChessBase"]
[SourceDate "2023.10.10"]
[SourceVersion "1"]
[SourceVersionDate "2023.10.10"]
[SourceQuality "1"]

1. e4 e5 2. Nf3 Nc6 3. Bb5 Bc5 4. d3 d6 5. Be3 Bb6 6. 0-0 Bg4 7. Nc3 Nf6 8. Bc4 0-0 9. Ng5 Bxd1 10. Raxd1 d5 11. exd5 Nxd5 12. Bxd5 Bxe3 13. fxe3 Qxg5 14. Ne4 Qxe3+ 15. Kh1 Nd4 16. Rde1 Qh6 17. g3 Nxc2 18. Re2 Ne3 19. Rf3 Nxd5 20. h4 Qc1+ 21. Kh2 f5 22. Ng5 f4 23. gxf4 Rxf4 24. Rh3 Re8 25. Rg2 Rf1 26. Nf3 Qf4+ 27. Rgg3 Rxf3 28. Kg2 Ne3+ 29. Kh1 Rxg3 30. Rxg3 Qxg3 31. d4 exd4 32. b4 d3 33. b5 d2 34. a4 d1R# 0-1

[Event "West Attica-ch U16 8th"]
[Site "Attica"]
[Date "2012.09.05"]
[Round "3.2"]
[White "Zivas, Konstantinos"]
[Black "Tzemi, Aggeliki Athina"]
[Result "1-0"]
[WhiteElo "1135"]
[BlackElo "1300"]
[PlyCount "163"]
[EventDate "2012.09.04"]
[EventType "tourn"]
[EventRounds "7"]
[EventCountry "GRE"]
[SourceTitle "EXT 2024"]
[Source "ChessBase"]
[SourceDate "2023.10.10"]
[SourceVersion "1"]
[SourceVersionDate "2023.10.10"]
[SourceQuality "1"]

1. e4 e5 2. Nf3 Nc6 3. Bc4 Bc5 4. c3 Nf6 5. Qc2 d6 6. d4 exd4 7. b4 Bb6 8. b5 Ne5 9. Nbd2 c5 10. bxc6 Nxc6 11. Bb2 d5 12. exd5 Nxd5 13. cxd4 Be6 14. 0-0 0-0 15. Rfe1 Qf6 16. Ne4 Qg6 17. Qd1 Bh3 18. Ng3 Be6 19. Bd3 Qf6 20. Ne4 Qf4 21. Bc1 Qc7 22. Neg5 Bg4 23. Bxh7+ Kh8 24. Bd3 Bxd4 25. Rb1 Nc3 26. Qc2 Nxb1 27. Nxd4 Qb6 28. Nxc6 bxc6 29. Qxb1 Qxb1 30. Bxb1 Rfe8 31. Re3 Rf8 32. Be4 Rad8 33. h3 Rd1+ 34. Kh2 Rxc1 35. hxg4 f6 36. Rh3+ Kg8 37. Bh7+ Kh8 38. Bg6+ Kg8 39. Ne6 Rc8 40. Rh7 Re1 41. Rxg7+ Kh8 42. Rh7+ Kg8 43. Nf4 Re5 44. Rxa7 Rd8 45. Bh7+ Kf8 46. Ng6+ Ke8 47. Nxe5 fxe5 48. Bg6+ Kf8 49. Rf7+ Kg8 50. Re7 Rd6 51. Be4 Rd4 52. Rxe5 Rd2 53. Bxc6 Rxf2 54. a4 Rf4 55. Bd7 Rd4 56. Rg5+ Kf7 57. Bb5 Rd1 58. a5 Ra1 59. a6 Ra3 60. Rc5 Ke7 61. g5 Kf7 62. Rc7+ Kg6 63. a7 Kxg5 64. Bc6 Rxa7 65. Rxa7 Kf4 66. Re7 Kf5 67. Kg3 Kf6 68. Re8 Kf7 69. Kf4 Kf6 70. Ke4 Kf7 71. Ke5 Kg7 72. Kf5 Kf7 73. Re6 Kg7 74. Bd7 Kh7 75. Kg5 Kg7 76. Bb5 Kf7 77. Bc4 Kg7 78. Re7+ Kh8 79. Ba6 Kg8 80. Kf6 Kh8 81. Kg6 Kg8 82. Re8# 1-0

[Event "West Attica-ch U12 7th"]
[Site "Karpenisi"]
[Date "2011.09.06"]
[Round "2.6"]
[White "Tzemi, Aggeliki Athina"]
[Black "Mavrouli, Ioanna"]
[Result "1-0"]
[WhiteElo "1010"]
[BlackElo "1000"]
[PlyCount "111"]
[EventDate "2011.09.06"]
[EventType "swiss"]
[EventRounds "7"]
[EventCountry "GRE"]
[SourceTitle "EXT 2024"]
[Source "ChessBase"]
[SourceDate "2023.10.10"]
[SourceVersion "1"]
[SourceVersionDate "2023.10.10"]
[SourceQuality "1"]

1. e4 e5 2. Nf3 Nc6 3. Nc3 Nf6 4. Bb5 Bb4 5. 0-0 d6 6. h3 0-0 7. Bxc6 bxc6 8. Ne2 Be6 9. Ng3 h6 10. a3 Bc5 11. b4 Bb6 12. d3 c5 13. Be3 Qe7 14. Qd2 Rfe8 15. Rab1 cxb4 16. Rxb4 Red8 17. Rb5 Rab8 18. c4 Qd7 19. Nh4 Qe8 20. Ngf5 Qe7 21. Qe2 g6 22. Nxh6+ Kg7 23. Qf3 Rh8 24. Ng4 Nxg4 25. hxg4 Qd8 26. g5 c6 27. Rb4 Qe7 28. Bd2 Qd8 29. d4 c5 30. Rb5 cxd4 31. Rb4 Qc8 32. Qf6+ Kg8 33. f4 exf4 34. Rxf4 Qd8 35. Qxd8+ Rxd8 36. Rb5 Rb8 37. Ba5 Kg7 38. Bxb6 axb6 39. Rf6 Rhe8 40. Rb4 Red8 41. a4 Rd7 42. a5 Rdb7 43. a6 Ra7 44. Ra4 Rc8 45. Nf3 Bxc4 46. Nxd4 Bxa6 47. Rxd6 Rca8 48. Rxb6 Rc8 49. Rbxa6 Rca8 50. Rxa7 Rxa7 51. Rxa7 Kf8 52. e5 f6 53. gxf6 Ke8 54. e6 Kd8 55. f7 g5 56. f8Q# 1-0

[Event "West Attica-ch U10"]
[Site "Athens"]
[Date "2009.09.09"]
[Round "3"]
[White "Tzemi, Aggeliki Athina"]
[Black "Alexiadis, Christos"]
[Result "0-1"]
[WhiteElo "1005"]
[BlackElo "1020"]
[PlyCount "58"]
[EventDate "2009.09.08"]
[EventType "swiss"]
[EventRounds "7"]
[EventCountry "GRE"]
[SourceTitle "EXT 2011"]
[Source "ChessBase"]
[SourceDate "2010.11.26"]
[SourceVersion "1"]
[SourceVersionDate "2010.11.26"]
[SourceQuality "1"]

1. e4 e5 2. Nf3 Nf6 3. Nc3 Bb4 4. Bc4 0-0 5. 0-0 Nc6 6. d3 d6 7. Bg5 Be6 8. a3 Bxc3 9. bxc3 h6 10. Bh4 Na5 11. Bd5 c6 12. Ba2 Bg4 13. h3 Be6 14. d4 Nc4 15. Bxc4 Bxc4 16. Re1 exd4 17. cxd4 Re8 18. Rc1 Re6 19. c3 Qe8 20. Qd2 Nxe4 21. Qf4 d5 22. Nd2 Nxd2 23. Qxd2 Re2 24. Qf4 Rxe1+ 25. Rxe1 Qxe1+ 26. Kh2 Qe4 27. Qg3 Qg6 28. Qc7 Bf1 29. Bd8 Qxg2# 0-1

[Event "West Attica-ch U10"]
[Site "Athens"]
[Date "2009.09.08"]
[Round "2"]
[White "Makrakis, Ioannis"]
[Black "Tzemi, Aggeliki Athina"]
[Result "0-1"]
[WhiteElo "1005"]
[BlackElo "1005"]
[PlyCount "67"]
[EventDate "2009.09.08"]
[EventType "swiss"]
[EventRounds "7"]
[EventCountry "GRE"]
[SourceTitle "EXT 2011"]
[Source "ChessBase"]
[SourceDate "2010.11.26"]
[SourceVersion "1"]
[SourceVersionDate "2010.11.26"]
[SourceQuality "1"]

1. e4 e5 2. d3 Nc6 3. Nf3 Nf6 4. Nc3 Bc5 5. Be2 0-0 6. 0-0 d6 7. a3 Bg4 8. b4 Bb6 9. Rb1 Bxf3 10. Bxf3 Bd4 11. Nd5 Nxd5 12. exd5 Nb8 13. Bd2 Na6 14. b5 Nc5 15. Qc1 Qf6 16. Bg5 Qg6 17. Bd2 Rfe8 18. c3 Nxd3 19. Qc2 Bc5 20. a4 Ba3 21. a5 b6 22. a6 Re7 23. Ra1 Bc1 24. Bxc1 Nxc1 25. Qxg6 fxg6 26. Raxc1 Rf7 27. Bg4 Rf4 28. Be6+ Kf8 29. f3 Rf6 30. Bg4 h5 31. Be6 h4 32. g3 Rf4 33. Rfe1 Rxf3 34. Re4 0-1